01143cam a2200265 a 45000010009000000050017000090080041000260100017000670200043000840400018001270500027001450820019001721000039001912450067002302500012002972600044003093000035003534900037003885050296004256500020007216500010007416500025007516500020007768560081007961473407520221130093541.0070214s2007 gw a b 001 0 eng  a 2007922924 a9783540680000 (hardcover : alk. paper) aDLCcDLCdDLC00aQC173.59.S65bZ38 200700a530.11,ZEH2221 aZeh, H. D.q(Heinz Dieter),d1932-14aThe physical basis of the direction of time / cH. Dieter Zeh. a5th ed. aBerlin ;aNew York :bSpringer,cc2007. aviii, 231 p. :bill. ;c24 cm.0 aFrontiers collection,x1612-3018 aIntroduction (Page-1), The Physical Concept of Time (Page-11), The Time Arrow of Radiation (Page-17), The Thermodynamical Arrow of Time (Page-39), The Quantum Machanical Arrow of Time (Page-85), The Time Arrow of Spacetime Geometry (Page-135), The Time Arrow in Quantum Cosmology (Page-171). 0aSpace and time. 0aTime. 0aPhysicsxPhilosophy. 0aThermodynamics.413Table of contents onlyuhttp://www.loc.gov/catdir/toc/fy0714/2007922924.html